| 000 | 00542nam a22001937a 4500 | ||
|---|---|---|---|
| 003 | OSt | ||
| 005 | 20160513135703.0 | ||
| 008 | 160513b xxu||||| |||| 00| 0 eng d | ||
| 020 | _a9781405111133 | ||
| 040 | _cDDC. | ||
| 082 | _a595.7GUL 2005. | ||
| 100 |
_aGullan,P.J;Granston,P.S; _98753 |
||
| 245 |
_aThe Insects. _bAn outline of Entomology. |
||
| 260 |
_aUSA. _bBlackwell Publishing. _c2005. |
||
| 300 |
_axvii,505p; _bill; _c27cm. |
||
| 504 | _aincludes index ,references and Glossary. | ||
| 650 |
_aBiology. _95602 |
||
| 942 |
_2ddc _cSLOAN |
||
| 999 |
_c4010 _d4010 |
||